000 00701nam a22002292 4500
001 0000000151
005 20151021151038.0
008 070111s xx 000 0 eng d
020 _a0072930403 :
_cGBP 22.49
040 _aKABU
_cKABU
100 1 _aKelter, Paul B.
_@0000148201
245 1 0 _aChemistry :
_ba world of choices /
_cPaul B. Kelter, James D. Carr, Andrew Scott.
250 _a2nd ed.
260 _aBoston :
_bMcGraw-Hill,
_c2003.
300 _axxx, 642 p.
650 0 _aChemistry.
_@0000148202
700 1 _aCarr, James D.
_@0000148203
700 1 _aScott, Andrew.
_@0000148204
908 _a070111
950 _@1
999 _c36
_d36